El extraño caso del dr. jekyll y mr. hyde /

Guardado en:
Autor Principal: Stevenson, Robert Louis
Formato: Libro
Publicado: Madrid : Club Internacional del Libro, 1999
Materias:
Etiquetas: Agregar Etiqueta
Sin Etiquetas, Sea el primero en etiquetar este registro!
LEADER 00638nam a22002175a 4500
001 CEM.cems016930
005 20121119143814.0
008 130507s1999##################000#0#####d
003 CEMS
020 |a 8482652117 
082 0 4 |a 823.8 
100 1 |a Stevenson, Robert Louis 
245 1 0 |a El extraño caso del dr. jekyll y mr. hyde /  |c Robert Louis Stevenson, 
260 |a Madrid :  |b Club Internacional del Libro,  |c 1999 
300 |a 200 p. 
653 |a Literatura 
653 |a Literatura inglesa 
653 |a Novela 
653 |a Novela policial 
653 |a Novela inglesa 
859 |a CEMS  |b BIB. CEMS - Agricultura  |h 823.8  |i St481-1  |p A0170.00  |t Ej.1